000 00690nam a2200229Ia 4500
003 OSt
005 20221007080802.0
006 a|||||r|||| 00| 0
007 ta
008 221006b |||||||| |||| 00| 0 eng d
024 _a13,813
037 _cTextual
040 _aFLL
_cFLL
_beng
041 _2eng
_aeng
082 _aW:5, N4
100 _aMcgoldrick D. Au.
_9695512
245 0 _aHuman rights committee
_b Its role in the development of the international covenant on civil and political rights
260 _aNew York
_bClarendon press oxford U.S.A.
_c1994
300 _a576p
_ccm.
942 _hW:5, N4
_cTEXL
_2CC
999 _c1160891
_d1160891